[Event "21st European Teams"]
[Site "Hersonissos GRE"]
[Date "2017.11.01"]
[Round "5.7"]
[Board "1"]
[White "Jobava, Baadur"]
[Black "Gelfand, Boris"]
[Result "1/2-1/2"]
[WhiteTitle "GM"]
[BlackTitle "GM"]
[WhiteElo "2705"]
[BlackElo "2737"]
[WhiteTeam "Georgia"]
[BlackTeam "Israel"]
[WhiteFideId "13601520"]
[BlackFideId "2805677"]
[EventDate "2017.10.28"]

1. e4 c5 2. Nc3 Nc6 3. Nge2 g6 4. d4 cxd4 5. Nxd4 Bg7 6. Nb3 Nf6 7. Be2 O-O 8.
O-O d6 9. Re1 Be6 10. h3 d5 11. Nc5 d4 12. Nb1 Bc8 13. Nd2 Nd7 14. Nd3 Nde5 15.
a3 Nxd3 16. cxd3 a5 17. a4 e5 18. b3 Be6 19. Ba3 Re8 20. Bg4 Bf8 21. Bxf8 Kxf8
22. Bxe6 Rxe6 23. Nc4 Qh4 24. Rc1 Nb4 25. Qd2 b6 26. Na3 Kg7 27. Nb5 Rf8 28. Rc4
g5 29. Nc7 Rd6 30. Rxb4 axb4 31. Qxb4 Rf6 32. Rf1 Rc8 33. Qe7 Rxc7 34. Qxc7 Re6
35. f3 Qf4 36. Qc1 Qf6 37. Rf2 Rc6 38. Rc2 Rxc2 39. Qxc2 Qe7 40. Kh2 h5 41. Qd2
f6 42. b4 Qc7 43. Qb2 Qc3 44. Qb1 h4 45. Kg1 Qd2 46. Kf1 Kh6 47. Kg1 Kg7 48. Kf1
Kh6 49. b5 Kg7 50. Qb3 Qc1+ 51. Kf2 Qe3+ 1/2-1/2

[Event "21st European Teams"]
[Site "Hersonissos GRE"]
[Date "2017.11.01"]
[Round "5.7"]
[Board "2"]
[White "Rodshtein, Maxim"]
[Black "Mchedlishvili, Mikheil"]
[Result "1-0"]
[WhiteTitle "GM"]
[BlackTitle "GM"]
[WhiteElo "2699"]
[BlackElo "2604"]
[WhiteTeam "Israel"]
[BlackTeam "Georgia"]
[WhiteFideId "2806851"]
[BlackFideId "13600966"]
[EventDate "2017.10.28"]

1. e4 d6 2. d4 Nf6 3. Nc3 g6 4. Bf4 Bg7 5. Qd2 c6 6. Nf3 b5 7. a3 O-O 8. h3 Bb7
9. O-O-O b4 10. axb4 a5 11. b5 cxb5 12. e5 b4 13. exf6 bxc3 14. Qxc3 Bxf6 15.
Bh6 Re8 16. Ne5 Qb6 17. Nc4 Qb4 18. h4 Qxc3 19. bxc3 Nd7 20. Kd2 Rec8 21. Ra1 a4
22. f3 d5 23. Ne3 Bc6 24. Bg5 e6 25. Bxf6 Nxf6 26. Bd3 Kf8 27. Rhb1 Rcb8 28. c4
dxc4 29. Nxc4 h6 30. Ne5 Be8 31. c4 Nd7 32. Nxd7+ Bxd7 33. Kc3 g5 34. hxg5 hxg5
35. Be4 Rxb1 36. Rxb1 Ra5 37. Rb8+ Ke7 38. Ra8 Rxa8 39. Bxa8 a3 40. Kb3 e5 41.
dxe5 Ke6 42. Bd5+ Kxe5 43. Bxf7 Kf4 44. Kxa3 Kg3 45. Bh5 Kxg2 46. c5 1-0

[Event "21st European Teams"]
[Site "Hersonissos GRE"]
[Date "2017.11.01"]
[Round "5.7"]
[Board "3"]
[White "Pantsulaia, Levan"]
[Black "Sutovsky, Emil"]
[Result "1/2-1/2"]
[WhiteTitle "GM"]
[BlackTitle "GM"]
[WhiteElo "2586"]
[BlackElo "2683"]
[WhiteTeam "Georgia"]
[BlackTeam "Israel"]
[WhiteFideId "13602071"]
[BlackFideId "2802007"]
[EventDate "2017.10.28"]

1. Nf3 c5 2. c4 Nf6 3. g3 d5 4. Bg2 Nc6 5. cxd5 Nxd5 6. Nc3 Nxc3 7. bxc3 e5 8.
d3 Be7 9. O-O O-O 10. Nd2 Qe8 11. Nc4 Be6 12. Ne3 Qd7 13. c4 Bh3 14. Nd5 Bxg2
15. Kxg2 Nb4 16. e4 f5 17. Bb2 Nxd5 18. exd5 Bf6 19. Qc2 b5 20. Rae1 bxc4 21.
dxc4 e4 22. f3 Bxb2 23. Qxb2 Rab8 24. Qc3 exf3+ 25. Rxf3 Rb6 26. Qe3 Rb2+ 27.
Rf2 f4 28. Qe6+ Qxe6 29. Rxe6 f3+ 30. Kf1 Rb1+ 31. Re1 Rxe1+ 32. Kxe1 g5 33. Rb2
Re8+ 34. Kf2 g4 35. h3 h5 36. hxg4 hxg4 37. Rb5 Re2+ 38. Kf1 Rxa2 39. Rxc5 Ra1+
40. Kf2 Ra2+ 41. Kf1 Ra1+ 42. Kf2 Ra2+ 43. Kf1 1/2-1/2

[Event "21st European Teams"]
[Site "Hersonissos GRE"]
[Date "2017.11.01"]
[Round "5.7"]
[Board "4"]
[White "Nabaty, Tamir"]
[Black "Paichadze, Luka"]
[Result "1/2-1/2"]
[WhiteTitle "GM"]
[BlackTitle "GM"]
[WhiteElo "2661"]
[BlackElo "2580"]
[WhiteTeam "Israel"]
[BlackTeam "Georgia"]
[WhiteFideId "2809052"]
[BlackFideId "13602934"]
[EventDate "2017.10.28"]

1. d4 Nf6 2. Nf3 e6 3. Bf4 d5 4. e3 Bd6 5. Bxd6 Qxd6 6. c4 O-O 7. Nc3 b6 8. Rc1
Ba6 9. Qa4 c5 10. Be2 Rc8 11. cxd5 Bxe2 12. Kxe2 exd5 13. dxc5 bxc5 14. Rhd1
Nbd7 15. Kf1 Ne5 16. Nxe5 Qxe5 17. Kg1 Rd8 18. Re1 Qb8 19. Ne2 d4 20. exd4 Ng4
21. g3 cxd4 22. Nxd4 Ne5 23. Nc6 Nxc6 24. Rxc6 Qxb2 25. Rc7 a5 26. Ree7 Rf8 27.
Ra7 Qb4 28. Qxb4 axb4 29. Rxf7 Rxa7 30. Rxa7 Rb8 31. g4 b3 32. axb3 Rxb3 33. Kg2
h6 34. h4 Kh7 35. Ra5 Kg6 36. f3 Rb2+ 37. Kg3 Rb4 38. Ra6+ Kf7 39. g5 hxg5 40.
hxg5 g6 41. Ra7+ Kf8 42. f4 Rb3+ 43. Kg4 Kg8 44. Ra1 Kf7 45. Rh1 Kg7 46. Rh3 Rb1
47. Rc3 Rf1 48. Rc7+ Kf8 49. Kg3 Kg8 50. Rc4 Kf7 51. Kg2 Ra1 52. Rc7+ Kg8 53.
Kf3 Ra4 54. Ke3 Rb4 55. Rd7 Ra4 56. Rd4 Ra7 57. Rd6 Kf7 58. Ke4 Ra4+ 59. Ke5
Ra5+ 60. Rd5 Ra7 61. Rc5 Re7+ 62. Kd6 Re4 63. Rc7+ Kg8 64. Rc8+ Kg7 65. Rc7+ Kg8 1/2-1/2

[Event "21st European Teams"]
[Site "Hersonissos GRE"]
[Date "2017.11.01"]
[Round "5.8"]
[Board "1"]
[White "Giri, Anish"]
[Black "Lupulescu, Constantin"]
[Result "1-0"]
[WhiteTitle "GM"]
[BlackTitle "GM"]
[WhiteElo "2762"]
[BlackElo "2620"]
[WhiteTeam "Netherlands"]
[BlackTeam "Romania"]
[WhiteFideId "24116068"]
[BlackFideId "1207822"]
[EventDate "2017.10.28"]

1. c4 c5 2. g3 g6 3. Bg2 Bg7 4. Nc3 Nc6 5. Nf3 d6 6. O-O e5 7. a3 a5 8. d3 Nge7
9. Bd2 O-O 10. Rb1 Be6 11. Ng5 Bc8 12. Nb5 f5 13. Nf3 h6 14. b4 axb4 15. axb4 b6
16. Ne1 Be6 17. Nc2 Rb8 18. Nc3 Kh8 19. bxc5 bxc5 20. Rxb8 Qxb8 21. Na3 Qa7 22.
Nab5 Qd7 23. Qa4 Rb8 24. Qa6 Qd8 25. Bxc6 Rb6 26. Qa8 Rb8 27. Ra1 Rxa8 28. Rxa8
Bc8 29. Bg2 Kh7 30. Nd5 Nc6 31. h4 e4 32. dxe4 Qd7 33. Nb6 Qb7 34. Rxc8 Qxb6 35.
exf5 Nd4 36. fxg6+ Kxg6 37. Be4+ Kf7 38. Rc7+ Kg8 39. Ra7 d5 40. Bxd5+ Kh7 41.
Be4+ Kg8 42. Ra8+ Kf7 43. Bd5+ Kg6 44. Re8 Bf6 45. h5+ Kh7 46. Nxd4 cxd4 47. Bf4
Bg5 48. Re6 Qb1+ 49. Kg2 Qd1 50. Bxg5 hxg5 51. h6 1-0

[Event "21st European Teams"]
[Site "Hersonissos GRE"]
[Date "2017.11.01"]
[Round "5.8"]
[Board "2"]
[White "Parligras, Mircea-Emilian"]
[Black "L'Ami, Erwin"]
[Result "1-0"]
[WhiteTitle "GM"]
[BlackTitle "GM"]
[WhiteElo "2616"]
[BlackElo "2611"]
[WhiteTeam "Romania"]
[BlackTeam "Netherlands"]
[WhiteFideId "1204297"]
[BlackFideId "1007998"]
[EventDate "2017.10.28"]

1. d4 Nf6 2. c4 e6 3. Nf3 Bb4+ 4. Bd2 Qe7 5. g3 Nc6 6. e3 Ne4 7. Bg2 Nxd2 8.
Nfxd2 e5 9. d5 Nb8 10. a3 Bxd2+ 11. Qxd2 d6 12. Nc3 O-O 13. O-O f5 14. f4 Nd7
15. Rae1 e4 16. g4 Nf6 17. g5 Nd7 18. b4 Nb6 19. Qa2 c5 20. bxc5 dxc5 21. Rb1
Bd7 22. a4 Rab8 23. Rfd1 Rfd8 24. Bf1 Nc8 25. Qa3 b6 26. a5 Nd6 27. Rb3 Rb7 28.
axb6 axb6 29. Qb2 Rdb8 30. Ra1 Be8 31. Be2 Ra7 32. Kf2 Qc7 33. h4 Rxa1 34. Qxa1
h6 35. Ra3 hxg5 36. hxg5 g6 37. Nd1 Bf7 38. Qf6 Qd8 39. Qe5 Qc7 40. Nb2 Re8 41.
Qc3 Re7 42. Ra8+ Be8 43. Qf6 Rg7 44. Rd8 Rd7 45. Qxg6+ Kf8 46. Qf6+ Kg8 47. Ra8 1-0

[Event "21st European Teams"]
[Site "Hersonissos GRE"]
[Date "2017.11.01"]
[Round "5.8"]
[Board "3"]
[White "Sokolov, Ivan"]
[Black "Deac, Bogdan-Daniel"]
[Result "1/2-1/2"]
[WhiteTitle "GM"]
[BlackTitle "GM"]
[WhiteElo "2603"]
[BlackElo "2560"]
[WhiteTeam "Netherlands"]
[BlackTeam "Romania"]
[WhiteFideId "14400030"]
[BlackFideId "1226380"]
[EventDate "2017.10.28"]

1. d4 Nf6 2. c4 g6 3. Nc3 d5 4. cxd5 Nxd5 5. Bd2 Bg7 6. Nf3 c5 7. Rc1 Nxc3 8.
Bxc3 cxd4 9. Nxd4 O-O 10. e3 Bd7 11. Nb3 Ba4 12. Be2 Qxd1+ 13. Bxd1 Rd8 14. Bxg7
Kxg7 15. Rc7 Nd7 16. O-O Bc6 17. Nd4 Rdc8 18. Rxc8 Rxc8 19. Nxc6 Rxc6 20. Ba4
Rd6 21. Rd1 Rxd1+ 22. Bxd1 Nc5 23. b4 Ne4 24. Kf1 b6 25. f3 Nd6 26. Ke2 e5 27.
Kd3 g5 28. g3 f6 29. Bb3 h5 30. a4 a5 31. bxa5 bxa5 32. Bd5 Kg6 33. h4 Kh6 34.
Be6 Kg6 35. Bd5 Kh6 36. Be6 Kg6 37. Bd5 1/2-1/2

[Event "21st European Teams"]
[Site "Hersonissos GRE"]
[Date "2017.11.01"]
[Round "5.8"]
[Board "4"]
[White "Nevednichy, Vladislav"]
[Black "Van Foreest, Jorden"]
[Result "1-0"]
[WhiteTitle "GM"]
[BlackTitle "GM"]
[WhiteElo "2524"]
[BlackElo "2609"]
[WhiteTeam "Romania"]
[BlackTeam "Netherlands"]
[WhiteFideId "1205730"]
[BlackFideId "1039784"]
[EventDate "2017.10.28"]

1. e4 e5 2. Nf3 Nc6 3. Bc4 Bc5 4. d3 Nf6 5. O-O d6 6. a4 a6 7. c3 Ba7 8. h3 h6
9. Re1 g5 10. Nh2 g4 11. hxg4 h5 12. g5 Ng4 13. Rf1 Qe7 14. Nf3 Rg8 15. b4 Be6
16. Na3 f6 17. Qb3 Nd8 18. d4 fxg5 19. b5 Qf6 20. a5 axb5 21. Nxb5 Bb8 22. dxe5
Nxe5 23. Nxe5 Qxe5 24. Nd4 Bxc4 25. Qxc4 Rf8 26. Nf3 Qe6 27. Qb5+ Qd7 28. Qxg5
Qg4 29. Nd4 Ba7 30. f3 Qxg5 31. Bxg5 Nc6 32. Be3 Kd7 33. Kf2 Nxa5 34. Nf5 Bxe3+
35. Nxe3 b6 36. Rh1 Rae8 37. Rh4 Re5 38. Rah1 Nb3 39. Nd5 Nc5 40. Kg1 Rh8 41.
Nf4 Rh6 42. g4 Na4 43. Rxh5 Rexh5 44. Rxh5 Rf6 45. Rh7+ Kd8 46. Nd5 Rxf3 47. Kg2
Rd3 48. g5 Nxc3 49. Nf4 Re3 50. g6 Nxe4 51. Nh5 Ra3 52. g7 Ra2+ 53. Kf1 Ra1+ 54.
Ke2 Rg1 55. Rh8+ Kd7 56. g8=Q Rxg8 57. Rxg8 Kc6 58. Nf4 Kb5 59. Ke3 Nc5 60. Kd4
c6 61. Rg1 d5 62. Rb1+ Ka6 63. Ng6 Kb7 64. Rh1 1-0

[Event "21st European Teams"]
[Site "Hersonissos GRE"]
[Date "2017.11.01"]
[Round "5.9"]
[Board "1"]
[White "Vocaturo, Daniele"]
[Black "Kryvoruchko, Yuriy"]
[Result "0-1"]
[WhiteTitle "GM"]
[BlackTitle "GM"]
[WhiteElo "2607"]
[BlackElo "2692"]
[WhiteTeam "Italy"]
[BlackTeam "Ukraine"]
[WhiteFideId "813192"]
[BlackFideId "14109182"]
[EventDate "2017.10.28"]

1. e4 e5 2. Nf3 Nc6 3. Bb5 Nf6 4. d3 Bc5 5. c3 O-O 6. Bxc6 bxc6 7. Nxe5 d5 8. d4
Bb6 9. O-O Nxe4 10. Nxc6 Qd6 11. Nb4 Re8 12. Re1 a5 13. Nd3 Ba6 14. Be3 c6 15.
g3 Re7 16. Nf4 g5 17. Ng2 Qg6 18. Nd2 Rae8 19. Nxe4 Rxe4 20. Rc1 f5 21. f3 R4e6
22. f4 g4 23. Bf2 Be2 24. Qc2 Re4 25. Be3 Bf3 26. Nh4 Qe6 27. Bf2 Rxe1+ 28. Rxe1
Be4 29. Qd2 a4 30. Qd1 Ra8 31. Ng2 Bd8 32. Ne3 Qh6 33. Qe2 Bf6 34. Nf1 Qh3 35.
Be3 Rb8 36. Bc1 c5 37. dxc5 d4 38. Nd2 Bd5 39. Qf1 dxc3 40. bxc3 Bxc3 41. Qxh3
gxh3 42. Kf1 Rc8 43. a3 Rxc5 44. Ke2 Bf6 45. Nf1 Rc2+ 46. Bd2 Ra2 47. Ne3 Bc3
48. Rd1 Bb3 49. Kd3 Bxd1 50. Kxc3 Rxa3+ 0-1

[Event "21st European Teams"]
[Site "Hersonissos GRE"]
[Date "2017.11.01"]
[Round "5.9"]
[Board "2"]
[White "Ponomariov, Ruslan"]
[Black "Dvirnyy, Danyyil"]
[Result "1-0"]
[WhiteTitle "GM"]
[BlackTitle "GM"]
[WhiteElo "2687"]
[BlackElo "2542"]
[WhiteTeam "Ukraine"]
[BlackTeam "Italy"]
[WhiteFideId "14103320"]
[BlackFideId "817570"]
[EventDate "2017.10.28"]

1. e4 e6 2. d4 d5 3. Nc3 Nf6 4. e5 Nfd7 5. f4 c5 6. Nf3 Be7 7. Ne2 Nc6 8. c3 Qb6
9. a3 O-O 10. b4 cxd4 11. cxd4 a5 12. b5 Qxb5 13. Nc3 Qb6 14. Rb1 Qd8 15. Bd3 a4
16. h4 f5 17. Nb5 Re8 18. g4 Nf8 19. Qc2 Bd7 20. gxf5 exf5 21. Bxf5 Nb4 22. axb4
Bxb5 23. Qg2 a3 24. Rg1 Bxh4+ 25. Kd1 g6 26. Bc2 a2 27. Ra1 Qc7 28. f5 Rec8 29.
fxg6 hxg6 30. Nxh4 Qc3 31. Qxd5+ Kh8 32. Nxg6+ Nxg6 33. Qh1+ 1-0

[Event "21st European Teams"]
[Site "Hersonissos GRE"]
[Date "2017.11.01"]
[Round "5.9"]
[Board "3"]
[White "Godena, Michele"]
[Black "Kuzubov, Yuriy"]
[Result "0-1"]
[WhiteTitle "GM"]
[BlackTitle "GM"]
[WhiteElo "2489"]
[BlackElo "2690"]
[WhiteTeam "Italy"]
[BlackTeam "Ukraine"]
[WhiteFideId "800090"]
[BlackFideId "14112906"]
[EventDate "2017.10.28"]

1. e4 d6 2. d4 Nf6 3. Bd3 e5 4. Nf3 Nbd7 5. O-O g6 6. c3 Bg7 7. Re1 O-O 8. Na3
h6 9. Bd2 a6 10. Nc4 Re8 11. a4 b6 12. b4 Bb7 13. d5 Bf8 14. Ne3 c6 15. c4 b5
16. Qb3 bxc4 17. Bxc4 cxd5 18. Nxd5 Nxd5 19. Bxd5 Bxd5 20. Qxd5 Nf6 21. Qc4 Qb8
22. Nh4 Qb7 23. Rad1 Rac8 24. Qb3 Kh7 25. Qf3 Re6 26. Qd3 d5 27. exd5 e4 28. Qb3
Nxd5 29. Bxh6 Nc3 30. Rc1 Rec6 31. Bxf8 Ne2+ 32. Kf1 Nxc1 33. Qh3 Rxf8 34. Nxg6+
Kxg6 35. Rxe4 Kg7 36. Rh4 Rg8 37. Rh7+ Kf8 38. Qf5 Qe7 0-1

[Event "21st European Teams"]
[Site "Hersonissos GRE"]
[Date "2017.11.01"]
[Round "5.9"]
[Board "4"]
[White "Kravtsiv, Martyn"]
[Black "Moroni, Luca Jr"]
[Result "1/2-1/2"]
[WhiteTitle "GM"]
[BlackTitle "GM"]
[WhiteElo "2677"]
[BlackElo "2506"]
[WhiteTeam "Ukraine"]
[BlackTeam "Italy"]
[WhiteFideId "14113147"]
[BlackFideId "865834"]
[EventDate "2017.10.28"]

1. Nf3 Nf6 2. g3 d5 3. Bg2 e6 4. O-O c5 5. d4 cxd4 6. Nxd4 e5 7. Nb3 Be6 8. Nc3
Be7 9. Bg5 Nbd7 10. e3 h6 11. Bxf6 Nxf6 12. f4 e4 13. f5 Bc8 14. Qd4 b5 15. Nxb5
O-O 16. Nc3 Bb7 17. Rad1 Qc7 18. a3 Rfd8 19. Qd2 Ba6 20. Rfe1 Rab8 21. Rb1 Bc4
22. Nd4 Ng4 23. b3 Ba6 24. Nce2 Ne5 25. Ra1 Qb6 26. Nf4 Rbc8 27. Kh1 Bc5 28. h3
Nc6 29. Nxc6 Qxc6 30. Rad1 Bb7 31. c4 d4 32. exd4 Rxd4 33. Qe2 Rxd1 34. Qxd1 Re8
35. Qg4 Qd6 36. b4 Bd4 37. Rd1 Qe5 38. f6 g5 39. Qd7 Bf2 40. Ng6 Qb8 41. Ne7+
Kf8 42. Qf5 e3 43. Bxb7 e2 44. Rb1 Qxg3 45. Bg2 Bd4 46. Qe4 Be3 47. Qf3 e1=Q+
48. Rxe1 Qxe1+ 49. Qf1 Qxf1+ 50. Bxf1 Bd4 51. Nc6 Bb2 52. a4 Bxf6 53. c5 Re1 54.
Kg2 Rb1 55. a5 Be7 56. a6 f5 57. Bd3 Rb2+ 58. Kf1 Rb3 59. Bc4 Rb2 60. Bd3 g4 61.
Bxf5 g3 62. Be4 Bg5 63. Nxa7 Rxb4 64. c6 Bf4 65. Bd5 Bc7 66. Nc8 Rb8 67. Nd6
Bxd6 68. c7 Bxc7 69. a7 Rb1+ 70. Ke2 Ra1 71. a8=Q+ Rxa8 72. Bxa8 1/2-1/2

[Event "21st European Teams"]
[Site "Hersonissos GRE"]
[Date "2017.11.01"]
[Round "5.10"]
[Board "1"]
[White "Anton Guijarro, David"]
[Black "Banikas, Hristos"]
[Result "1/2-1/2"]
[WhiteTitle "GM"]
[BlackTitle "GM"]
[WhiteElo "2651"]
[BlackElo "2584"]
[WhiteTeam "Spain"]
[BlackTeam "Greece 1"]
[WhiteFideId "2285525"]
[BlackFideId "4202031"]
[EventDate "2017.10.28"]

1. e4 c5 2. Nc3 a6 3. g3 b5 4. Bg2 Bb7 5. d3 e6 6. f4 b4 7. Nb1 d5 8. Nd2 Nf6 9.
Nh3 dxe4 10. dxe4 c4 11. Qe2 Nc6 12. c3 bxc3 13. bxc3 Na5 14. Rb1 Rc8 15. e5
Bxg2 16. Qxg2 Qd5 17. Qxd5 Nxd5 18. Ne4 Be7 19. Kd2 h6 20. Kc2 Kd7 21. Rd1 Rb8
22. Rxb8 Rxb8 23. f5 Nc6 24. Nf4 Rb5 25. fxe6+ fxe6 26. Ng6 Ra5 27. Kb1 Ke8 28.
h4 Na7 29. Rf1 Nb5 30. Rf3 Na3+ 31. Bxa3 Bxa3 32. Nd2 Rb5+ 33. Kc2 Rb2+ 34. Kd1
Rxa2 35. Nxc4 Bc5 36. Nd6+ Kd7 37. Nf8+ Kc6 38. Nxe6 Bxd6 39. exd6 1/2-1/2

[Event "21st European Teams"]
[Site "Hersonissos GRE"]
[Date "2017.11.01"]
[Round "5.10"]
[Board "2"]
[White "Mastrovasilis, Dimitrios"]
[Black "Lopez Martinez, Josep Manuel"]
[Result "1/2-1/2"]
[WhiteTitle "GM"]
[BlackTitle "GM"]
[WhiteElo "2571"]
[BlackElo "2607"]
[WhiteTeam "Greece 1"]
[BlackTeam "Spain"]
[WhiteFideId "4202694"]
[BlackFideId "2212943"]
[EventDate "2017.10.28"]

1. e4 e6 2. d4 d5 3. Nc3 Bb4 4. Ne2 dxe4 5. a3 Be7 6. Nxe4 Nf6 7. Nxf6+ Bxf6 8.
Be3 O-O 9. Qd2 b6 10. O-O-O Bb7 11. Nf4 Nd7 12. d5 e5 13. Nh5 Be7 14. Kb1 Kh8
15. f4 exf4 16. Bxf4 Bd6 17. Qd4 Rg8 18. Bb5 Nc5 19. Rhe1 Qf8 20. Re3 a6 21. Bc4
b5 22. Ba2 Re8 23. Rde1 Rxe3 24. Qxe3 Bc8 25. b4 Na4 26. Bxd6 Qxd6 27. Qe5 Bb7
28. Qxd6 cxd6 29. Re7 Bxd5 30. Bxd5 Nc3+ 31. Kb2 Nxd5 32. Rxf7 Ne3 33. Ra7 Rc8
34. Nxg7 Rxc2+ 35. Kb3 Rxg2 36. Nh5 Kg8 37. Nf6+ Kf8 38. Nxh7+ Ke8 39. Nf6+ Kd8
40. Rd7+ Kc8 41. Rxd6 Rxh2 42. Rxa6 Nc4 43. a4 Rh3+ 44. Kc2 Kb7 45. axb5 Na3+
46. Kd2 Nxb5 47. Re6 Nd4 48. Re4 Nf5 49. Rf4 Nd6 50. Nd5 Nb5 51. Rf6 Nd4 52. b5
Rb3 53. Rf7+ Kb8 54. b6 Rb5 55. Nf6 Nc6 56. Nd7+ Kb7 57. Kc3 Rg5 58. Kc4 Na5+
59. Kd4 Nc6+ 60. Ke4 Rb5 61. Rg7 Nb8 62. Nxb8+ Kxb8 63. b7 Rxb7 64. Rxb7+ Kxb7 1/2-1/2

[Event "21st European Teams"]
[Site "Hersonissos GRE"]
[Date "2017.11.01"]
[Round "5.10"]
[Board "3"]
[White "Korneev, Oleg"]
[Black "Pavlidis, Antonios"]
[Result "1/2-1/2"]
[WhiteTitle "GM"]
[BlackTitle "GM"]
[WhiteElo "2557"]
[BlackElo "2546"]
[WhiteTeam "Spain"]
[BlackTeam "Greece 1"]
[WhiteFideId "4156803"]
[BlackFideId "4212312"]
[EventDate "2017.10.28"]

1. e4 c5 2. c3 Nf6 3. e5 Nd5 4. d4 cxd4 5. Nf3 e6 6. cxd4 d6 7. Bc4 Be7 8. O-O
O-O 9. Qe2 b6 10. Rd1 Bb7 11. Bxd5 exd5 12. Nc3 Na6 13. Nb5 dxe5 14. dxe5 Nc5
15. Nfd4 Qd7 16. h3 a6 17. Nc3 Rfe8 18. Qg4 Qxg4 19. hxg4 Bf8 20. Bf4 g6 21. Nb3
Nxb3 22. axb3 Rad8 23. Bg5 Be7 24. Be3 Bc5 25. Bg5 Be7 26. Be3 Bc5 27. Bg5 Be7 1/2-1/2

[Event "21st European Teams"]
[Site "Hersonissos GRE"]
[Date "2017.11.01"]
[Round "5.10"]
[Board "4"]
[White "Halkias, Stelios"]
[Black "Ibarra Jerez, Jose Carlos"]
[Result "0-1"]
[WhiteTitle "GM"]
[BlackTitle "GM"]
[WhiteElo "2583"]
[BlackElo "2561"]
[WhiteTeam "Greece 1"]
[BlackTeam "Spain"]
[WhiteFideId "4201809"]
[BlackFideId "2226332"]
[EventDate "2017.10.28"]

1. Nf3 d5 2. d4 e6 3. c4 a6 4. g3 dxc4 5. Bg2 Nc6 6. O-O Rb8 7. e4 Nf6 8. Nc3
Be7 9. Qe2 Nxd4 10. Nxd4 Qxd4 11. Rd1 Qc5 12. Be3 Qa5 13. Bd2 Qc5 14. Be3 Qa5
15. Bd2 Qc5 16. e5 Nd7 17. Ne4 Qb6 18. Qg4 O-O 19. Bc3 Kh8 20. Qh5 c5 21. Nf6
Bxf6 22. exf6 g6 23. Qh6 Rg8 24. Rd2 Qc7 25. Re1 Qb6 26. Red1 Qd8 27. Re2 Qe8
28. Re4 Qf8 29. Qh3 g5 30. Rxc4 b5 31. Rg4 Rg6 32. Bc6 b4 33. Bd2 Ne5 34. Rxg5
Nxc6 35. Rh5 Qg8 36. Rxc5 e5 37. Qg2 Nd4 38. Rxe5 Bg4 39. Rd5 Bf3 40. Rxd4 Bxg2
41. Kxg2 Rd8 42. Bxb4 Rxd4 43. Rxd4 Rg4 44. f4 Qa8+ 45. Kh3 Qc8 46. Kg2 Qc2+ 47.
Kh3 Qxb2 0-1

[Event "21st European Teams"]
[Site "Hersonissos GRE"]
[Date "2017.11.01"]
[Round "5.11"]
[Board "2"]
[White "Kelires, Andreas"]
[Black "Short, Nigel D"]
[Result "1-0"]
[WhiteTitle "GM"]
[BlackTitle "GM"]
[WhiteElo "2510"]
[BlackElo "2698"]
[WhiteTeam "Greece 2"]
[BlackTeam "England"]
[WhiteFideId "5900727"]
[BlackFideId "400025"]
[EventDate "2017.10.28"]

1. d4 Nf6 2. c4 e6 3. g3 c5 4. d5 exd5 5. cxd5 d6 6. Nc3 g6 7. Bg2 Bg7 8. Nf3
O-O 9. O-O Nbd7 10. h3 a6 11. a4 Rb8 12. Bf4 Qc7 13. Rc1 Re8 14. Qd2 b5 15. axb5
axb5 16. b4 Ba6 17. Bh6 Bh8 18. Qf4 Qb6 19. Ng5 Re7 20. Nce4 Nxd5 21. Qh4 Bb7
22. Rfd1 Rbe8 23. bxc5 dxc5 24. Nxc5 Nxc5 25. Bxd5 Bxd5 26. Rxd5 Nb3 27. Rcd1
Rxe2 28. Qf4 f6 29. Rd7 Nc5 30. Qf3 R2e5 31. R1d6 Rf5 32. Rxb6 Rxf3 33. Re7 1-0

[Event "21st European Teams"]
[Site "Hersonissos GRE"]
[Date "2017.11.01"]
[Round "5.11"]
[Board "3"]
[White "Jones, Gawain C B"]
[Black "Theodorou, Nikolas"]
[Result "1-0"]
[WhiteTitle "GM"]
[BlackTitle "IM"]
[WhiteElo "2662"]
[BlackElo "2512"]
[WhiteTeam "England"]
[BlackTeam "Greece 2"]
[WhiteFideId "409561"]
[BlackFideId "4262875"]
[EventDate "2017.10.28"]

1. d4 Nf6 2. c4 g6 3. Nf3 d6 4. g3 Bg7 5. Bg2 O-O 6. O-O Nc6 7. Nc3 e5 8. dxe5
Nxe5 9. Nxe5 dxe5 10. Qxd8 Rxd8 11. Bg5 Rd7 12. Na4 h6 13. Be3 c6 14. Nc5 Rc7
15. Rfd1 b6 16. Rd8+ Kh7 17. Na6 Rd7 18. Rxd7 Bxd7 19. a4 e4 20. Rd1 Bg4 21. Rd2
Re8 22. b4 Bc8 23. b5 Ng4 24. Bf4 cxb5 25. Nc7 Re7 26. Nd5 Re8 27. axb5 g5 28.
Bb8 e3 29. fxe3 Ne5 30. Bxe5 Bxe5 31. Ra2 Kg7 32. Rxa7 Bd6 33. Nxb6 Bc5 34. Nxc8
Rxc8 35. Ra4 Bxe3+ 36. Kf1 Rc7 37. Ra3 Bc5 38. Rb3 Ra7 39. Rb1 Bb6 40. c5 Bxc5
41. b6 Ra6 42. b7 Rf6+ 43. Ke1 Bf2+ 44. Kd2 Ba7 45. b8=Q Bxb8 46. Rxb8 Rf2 47.
Bd5 Rxh2 48. Ke1 f5 49. Rb6 h5 50. Be6 Rg2 51. Bxf5 Rxg3 52. Kf2 h4 53. Rd6 Ra3
54. Rg6+ Kh8 55. Rxg5 1-0

[Event "21st European Teams"]
[Site "Hersonissos GRE"]
[Date "2017.11.01"]
[Round "5.11"]
[Board "4"]
[White "Mastrovasilis, Athanasios"]
[Black "McShane, Luke J"]
[Result "1/2-1/2"]
[WhiteTitle "GM"]
[BlackTitle "GM"]
[WhiteElo "2488"]
[BlackElo "2647"]
[WhiteTeam "Greece 2"]
[BlackTeam "England"]
[WhiteFideId "4201990"]
[BlackFideId "404853"]
[EventDate "2017.10.28"]

1. d4 Nf6 2. Nf3 g6 3. g3 Bg7 4. Bg2 O-O 5. O-O d6 6. b3 c6 7. Bb2 Qa5 8. Qd2
Qxd2 9. Nbxd2 Bf5 10. Ne1 d5 11. c4 Nbd7 12. Rc1 Rac8 13. Nc2 Rfd8 14. Ne3 Be6
15. cxd5 Nxd5 16. Nxd5 Bxd5 17. Bxd5 cxd5 18. e3 Nb8 19. Rxc8 Rxc8 20. Rc1 Nc6
21. Nf3 e6 22. Ba3 f6 23. Ne1 Kf7 24. Nd3 Ke8 25. Kf1 b6 26. Nb4 Ne7 27. Rxc8+
Nxc8 28. Nd3 Kd7 29. Ke2 a6 30. Bb4 Na7 31. a4 Nc6 32. f4 f5 33. Kd2 Bf6 34. h4
Kc7 35. Ba3 Na5 36. Kc2 Nc6 37. Ne1 Nd8 38. Nf3 Nf7 39. Bf8 Kd7 40. Kd3 Ke8 41.
Bb4 Kd7 42. Bf8 Ke8 43. Bb4 Nh6 44. Bd6 Kd7 45. Bf8 Ng4 46. Ke2 Ke8 47. Bd6 Bd8
48. Be5 Kd7 49. Ne1 Be7 50. Nd3 Kc6 51. b4 Nh6 52. Kd2 Nf7 53. Kc3 Nd8 54. Bg7
Kd7 55. Be5 Nb7 56. Kb3 Kc8 57. Kc3 Nd8 58. Kb3 Nc6 59. Bg7 Bd6 60. Be5 Bf8 61.
Bf6 Kd7 62. Be5 Be7 63. Bg7 Kc8 64. Be5 Bd8 65. Bd6 Kd7 66. Be5 Ke8 67. Bd6 Kd7
68. Be5 Be7 69. Bg7 Kd8 70. Be5 Bf8 71. Bf6+ Kc8 72. Be5 Kd7 1/2-1/2